| 000 | 00434cam a2200181ua 4500 | ||
|---|---|---|---|
| 001 | 10099 | ||
| 008 | 170330n ii |||gr||||Z||||||asm | ||
| 040 | _cMAIN | ||
| 041 | _aasm | ||
| 082 | _a339 | ||
| 100 |
_aAhmed, Rofique, _eAuthor. |
||
| 245 |
_aSamastigata arthabigyan _cBy Rofique Ahmed |
||
| 250 | _a2nd ed. | ||
| 260 |
_aJorhat: _bUnika, _c2014. |
||
| 300 | _a476p. | ||
| 653 | _aMacroeconomics & related topics | ||
| 942 | _cBK | ||
| 999 |
_c9098 _d9098 |
||